<?xml version="1.0" encoding="UTF-8"?>
<record
    xmlns:xsi="http://www.w3.org/2001/XMLSchema-instance"
    xsi:schemaLocation="http://www.loc.gov/MARC21/slim http://www.loc.gov/standards/marcxml/schema/MARC21slim.xsd"
    xmlns="http://www.loc.gov/MARC21/slim">

  <leader>00896nas1a22002531i 4500</leader>
  <controlfield tag="001">RU\NLR\INFOCOMM_78\5000012753</controlfield>
  <controlfield tag="005">20241101121422.0</controlfield>
  <datafield tag="035" ind1=" " ind2=" ">
    <subfield code="a">(NLR Aleph) 003577363</subfield>
  </datafield>
  <datafield tag="090" ind1=" " ind2=" ">
    <subfield code="a">4091878</subfield>
    <subfield code="c">4091878</subfield>
  </datafield>
  <datafield tag="100" ind1=" " ind2=" ">
    <subfield code="a">20051230c1918    |||y0rusy50      ba</subfield>
  </datafield>
  <datafield tag="101" ind1="0" ind2=" ">
    <subfield code="a">ger</subfield>
  </datafield>
  <datafield tag="102" ind1=" " ind2=" ">
    <subfield code="a">RU</subfield>
  </datafield>
  <datafield tag="110" ind1=" " ind2=" ">
    <subfield code="a">ayuz|||0|y|</subfield>
  </datafield>
  <datafield tag="200" ind1="1" ind2=" ">
    <subfield code="a">Nachrichten</subfield>
    <subfield code="e">Organ des Gebietskom. der KP d SU(B) und des Pr&#xE4;sidiums des Oberstein Sowjets der ASSR d WO des Stadtkom. der KP d SU(B) und des Stadtsowjets der Deputierten der Werkt&#xE4;tigen von Engels</subfield>
  </datafield>
  <datafield tag="207" ind1=" " ind2="0">
    <subfield code="a">Jg. 1-23</subfield>
  </datafield>
  <datafield tag="210" ind1=" " ind2=" ">
    <subfield code="a">Engels</subfield>
    <subfield code="d">1918-1941</subfield>
  </datafield>
  <datafield tag="300" ind1=" " ind2=" ">
    <subfield code="a">&#x418;&#x437;&#x434;. &#x441; 11/XII- 1918</subfield>
  </datafield>
  <datafield tag="710" ind1="0" ind2="2">
    <subfield code="7">ba</subfield>
    <subfield code="8">ger</subfield>
    <subfield code="a">KPdSU(b)</subfield>
    <subfield code="b">Gebietskomitee der ASSR der Wolgadeutschen</subfield>
    <subfield code="9">543035</subfield>
    <subfield code="3">RU\NLR\AUTH\880439423</subfield>
  </datafield>
  <datafield tag="801" ind1=" " ind2="1">
    <subfield code="a">RU</subfield>
    <subfield code="b">InfoComm</subfield>
    <subfield code="c">20051230</subfield>
  </datafield>
  <datafield tag="801" ind1=" " ind2="0">
    <subfield code="a">RU</subfield>
    <subfield code="b">NLR</subfield>
    <subfield code="g">PSBO</subfield>
  </datafield>
  <datafield tag="852" ind1=" " ind2=" ">
    <subfield code="a">NLR</subfield>
    <subfield code="b">&#x413;&#x430;&#x437;. &#x43E;&#x442;&#x434;.</subfield>
    <subfield code="j">IV-22</subfield>
  </datafield>
  <datafield tag="942" ind1=" " ind2=" ">
    <subfield code="c">JOURNAL</subfield>
  </datafield>
  <datafield tag="980" ind1=" " ind2=" ">
    <subfield code="a">INPER</subfield>
  </datafield>
</record>
